Religión y sociedad en conflicto : (Registro nro. 70120)
[ vista simple ]
| 000 -LÍDER | |
|---|---|
| Campo fijo de descripción fija | 01047nab a2200217 i 4500 |
| 001 - NÚMERO DE CONTROL | |
| Campo de control | 768714001 |
| 003 - IDENTIFICADOR DEL NÚMERO DE CONTROL | |
| Campo de control | CO-MdFUSB |
| 005 - FECHA Y HORA DE LA ULTIMA TRANSACCIÓN | |
| control field | 20240611155213.0 |
| 008 - ELEMENTOS DE LONGITUD FIJA -- INFORMACIÓN GENERAL | |
| Campo fijo de descripción fija -- Información general | 240611t1972 ck ||||| |||| 00| 0 spa d |
| 040 ## - FUENTE DE CATALOGACIÓN | |
| Idioma de catalogación | spa |
| Agencia que realiza la transcripción | CO-MdFUSB |
| Agencia que realiza la modificación | CO-MdFUSB |
| 041 ## - CÓDIGO DE IDIOMA | |
| Código de idioma para texto/pista de sonido o título separado | spa |
| 100 ## - ASIENTO PRINCIPAL--NOMBRE PERSONAL | |
| Nombre personal | González, Fernán, |
| Término relacionador | autor |
| 245 1# - TÍTULO | |
| Título | Religión y sociedad en conflicto : |
| Subtitulo | la revolución ideológica y social de 1848 en Colombia |
| Mención de responsabilidad | /Fernán González |
| 520 ## - NOTA DE RESUMEN, ETC. | |
| Nota de sumario, etc. | El presente artículo no pretende ser un trabajo exhaustivo sobre la materia, sino proporcionar simplemente una primera aproximación a la historia de nuestra religión dentro del contexto ideológico y cultural del siglo pasado. |
| 650 #7 - ASIENTO SECUNDARIO DE MATERIA - TERMINO TEMÁTICO | |
| Término temático o nombre geográfico como elemento de entrada | Religión y política |
| 9 (RLIN) | 286 |
| 650 #0 - ASIENTO SECUNDARIO DE MATERIA - TERMINO TEMÁTICO | |
| Término temático o nombre geográfico como elemento de entrada | Derechos civiles. |
| 9 (RLIN) | 1718 |
| 650 #0 - ASIENTO SECUNDARIO DE MATERIA - TERMINO TEMÁTICO | |
| Término temático o nombre geográfico como elemento de entrada | Iglesia y problemas sociales |
| 9 (RLIN) | 1177 |
| 773 0# - ASIENTO DE ITEM FUENTE | |
| Biblionumber | 70111 |
| Itemnumber | 82740 |
| Lugar, editorial y fecha de publicación | Bogotá, Colombia : |
| Otro identificador del ítem | R2615 |
| Título | Ecclesiastica Xaveriana |
| Número de control del registro | (CO-MdFUSB)768714001 |
| Parte(s) relacionada(s) / Volumen., número. (mes año), páginas | Volumen 22, (número 1, 1972) páginas: 112 - 184 |
| Enumeración y primera página | página: 112 |
| 942 ## - TIPO DE MATERIAL (KOHA) | |
| Tipo de Item KOHA | Artículos de Revista |
| 945 ## - INFORMACIÓN LOCAL DEL REGISTRO | |
| Catalogador | Catherine Arias Álvarez - Practicante SENA |
No hay ítems disponibles.
